000 01277naa a22003377a 4500
001 BR8003225
003 BR-BrBNA
005 20240918174613.0
007 ta
008 230509b bl.||||| |||| 00| 0 por d
040 _aBR-BrBNA
_bpor
_cBiblioteca Nacional de Agricultura
041 _a(Pt)
072 _aF00; Q10
_b2110
_b4650
_bG514
090 _aF00 BR8003225
100 1 _aCunha, J.
111 1 _a9. Congresso Brasileiro de Engenharia Agricola
_cCampina Grande, PB (Brazil)
_d24 Jul 1979
245 1 _aSecagem de amendoas de cacau relacionadas as teorias de secagem em camadas delgadas [Theobroma cacao; Secador; Armazenamento; Fermentacao; Brasil]
260 3 _aCampina Grande, PB (Brasil):
_c1980.
500 _aAnais do 9. Congresso Brasileiro de Engenharia Agricola Campina Grande, PB (Brasil): 1980. v. 2 p. 488-503 (BR8003225-AM)F00
650 _aProducao vegetal
650 _aTecnologia de alimento
650 _aCacau
650 _aAmendoa
650 _aSecador
650 _aArmazenamento
650 _aSecagem
650 _aFermentacao
773 0 _tAnais do 9. Congresso Brasileiro de Engenharia Agricola
_wF00 BR8003225
_gCampina Grande, PB (Brasil), 1980. v. 2 p. 488-503
909 _a202404
_bLucia
_c55
_dLucia Elande
942 _cAM
_2AGRIS
999 _c312283
_d312283